[Event "EU-chT Seniors 05th"]
[Site "Dresden"]
[Date "2003.03.01"]
[Round "7.1"]
[White "Weber, Bernd"]
[Black "Wiemer, Juergen"]
[Result "1/2-1/2"]
[WhiteElo "2115"]
[BlackElo "2043"]
[EventDate "2003.02.23"]
[PlyCount "68"]

1.d4 Nf6 2.Nf3 d5 3.c4 e6 4.Nc3 Be7 5.Bg5 O-O 6.e3 Nbd7 7.cxd5 Nxd5 8.Bxe7
Qxe7 9.Nxd5 exd5 10.Bd3 Qb4+ 11.Qd2 Qxd2+ 12.Kxd2 c6 13.Rhc1 f6 14.b4 Nb6 
15.b5 Bd7 16.a4 cxb5 17.axb5 Rfc8 18.Rc5 g6 19.Kc3 Kf8 20.Kb4 Ke7 21.Nd2 
Kd8 22.Nb3 Be6 23.Be2 Nd7 24.Rxc8+ Rxc8 25.Nc5 Nxc5 26.dxc5 b6 27.c6 Rc7 
28.Bf3 Ke7 29.Rd1 a5+ 30.bxa6 Rxc6 31.a7 Rc4+ 32.Kb5 Kd7 33.Kxb6 Rb4+ 34.
Ka6 Ra4+ 1/2-1/2

[Event "EU-chT Seniors 05th"]
[Site "Dresden"]
[Date "2003.03.01"]
[Round "7.1"]
[White "Wicklund Hansen, Richard"]
[Black "Pojedziniec, Wladyslaw"]
[Result "1/2-1/2"]
[WhiteElo "2046"]
[BlackElo "2225"]
[EventDate "2003.02.23"]
[PlyCount "27"]

1.e4 c5 2.d3 Nc6 3.Nf3 d6 4.g3 g6 5.Bg2 Bg7 6.c3 e6 7.Nbd2 Nge7 8.O-O O-O 
9.d4 b6 10.Re1 Bd7 11.Nc4 Qc7 12.Bf4 Ne5 13.Ncxe5 dxe5 14.Be3 1/2-1/2

[Event "EU-chT Seniors 05th"]
[Site "Dresden"]
[Date "2003.03.01"]
[Round "7.2"]
[White "Chernikov, Oleg L"]
[Black "Lieb, Harald"]
[Result "1-0"]
[WhiteElo "2459"]
[BlackElo "2336"]
[EventDate "2003.02.23"]
[PlyCount "137"]

1.d4 Nf6 2.c4 e6 3.Nf3 d5 4.Nc3 Nbd7 5.e3 Be7 6.b3 b6 7.Bb2 Bb7 8.Be2 O-O 
9.O-O c5 10.cxd5 Nxd5 11.Nxd5 Bxd5 12.Bd3 cxd4 13.Nxd4 Nc5 14.Bc2 Bf6 15.
Qe2 Bb7 16.Rfd1 Qe7 17.b4 Ne4 18.f3 Nd6 19.e4 e5 20.Nb3 Rfd8 21.a4 Ne8 22.
Rxd8 Rxd8 23.Bc3 Bc8 24.a5 Be6 25.axb6 axb6 26.Be1 Rc8 27.Rb1 Nd6 28.Bd3 
Qd7 29.Bf2 Rc3 30.Nd2 Qc7 31.Nf1 Bd8 32.Ne3 Rc1+ 33.Rxc1 Qxc1+ 34.Qe1 
Qxe1+ 35.Bxe1 Bg5 36.Bf2 Bxe3 37.Bxe3 b5 38.Kf2 Bc4 39.Bc2 f6 40.Bc5 Ne8 
41.g3 Kf7 42.f4 g6 43.Bd1 Ng7 44.Ke3 exf4+ 45.gxf4 f5 46.Bd4 Ne6 47.exf5 
gxf5 48.Bh5+ Ke7 49.Be5 Nf8 50.Bd1 Ke6 51.Bf3 Kd7 52.Bd1 Ng6 53.Kd4 Nf8 
54.Kc5 Ke6 55.Bf3 Nd7+ 56.Kd4 Ke7 57.h4 Nf8 58.Bb8 Kf6 59.Be5+ Ke6 60.h5 
Ke7 61.Kc5 Nd7+ 62.Kd4 Nf8 63.h6 Ne6+ 64.Ke3 Nc7 65.Bxc7 Kf6 66.Bh5 Bf7 
67.Bd8+ Ke6 68.Bxf7+ Kxf7 69.Kd4 1-0

[Event "EU-chT Seniors 05th"]
[Site "Dresden"]
[Date "2003.03.01"]
[Round "7.2"]
[White "Golcman, Evgeny"]
[Black "Watzka, Horst"]
[Result "1/2-1/2"]
[WhiteElo "2350"]
[BlackElo "2337"]
[EventDate "2003.02.23"]
[PlyCount "130"]

1.c4 e5 2.g3 Nf6 3.Bg2 d5 4.cxd5 Nxd5 5.Nf3 Nc6 6.O-O Nb6 7.d3 Be7 8.Nc3 
O-O 9.Be3 Bf5 10.a3 a5 11.Rc1 Qd7 12.Ne4 Bh3 13.Bc5 Bxg2 14.Kxg2 Nc8 15.
Bxe7 Qxe7 16.Qa4 Nd6 17.Nc5 Nd8 18.Ne4 f6 19.Qc2 c6 20.Rfd1 N8f7 21.Nc5 
Rfe8 22.e4 Kh8 23.Na4 Nb5 24.Qc5 Qxc5 25.Rxc5 Nc7 26.Nb6 Ne6 27.Rcc1 Rad8 
28.Nc4 Ra8 29.d4 exd4 30.Nxd4 Nf8 31.f3 Red8 32.f4 Kg8 33.a4 Re8 34.Kf3 
Ra6 35.Rc2 Rb8 36.Ne3 Re8 37.Rd3 Raa8 38.Rcd2 Nd6 39.e5 fxe5 40.fxe5 Nf7 
41.Nc4 Nxe5+ 42.Nxe5 Rxe5 43.Nb3 Rae8 44.Rd8 R8e7 45.Kg2 Re2+ 46.Kf1 Rxd2 
47.Nxd2 Rd7 48.Rxd7 Nxd7 49.Nc4 b6 50.Ke2 Kf7 51.Ke3 Ke6 52.Kd4 h5 53.b3 
g5 54.h3 h4 55.g4 Ke7 56.Nd2 b5 57.axb5 cxb5 58.Ne4 a4 59.bxa4 bxa4 60.
Nxg5 a3 61.Kc3 Nc5 62.Nf3 Ne4+ 63.Kb3 Nf2 64.Ng1 Kf6 65.Kxa3 Nxg4 1/2-1/2

[Event "EU-chT Seniors 05th"]
[Site "Dresden"]
[Date "2003.03.01"]
[Round "7.2"]
[White "Grubiak, Roman"]
[Black "Forselv, Edmund"]
[Result "1/2-1/2"]
[WhiteElo "2103"]
[BlackElo "1853"]
[EventDate "2003.02.23"]
[PlyCount "41"]

1.d4 Nf6 2.Nc3 d5 3.Bg5 Bf5 4.Bxf6 gxf6 5.e3 e6 6.Nge2 Bg6 7.Ng3 f5 8.h4 
h5 9.Be2 Be7 10.Nxh5 Bxh4 11.g3 Bf6 12.Nxf6+ Qxf6 13.Rxh8+ Qxh8 14.Kd2 Nc6
15.Qh1 O-O-O 16.Qg2 Qg7 17.Rh1 Rh8 18.Bf3 a6 19.Rxh8+ Qxh8 20.Qh1 Qxh1 21.
Bxh1 1/2-1/2

[Event "EU-chT Seniors 05th"]
[Site "Dresden"]
[Date "2003.03.01"]
[Round "7.2"]
[White "Karl, Hans"]
[Black "Koksch, Guenther"]
[Result "1/2-1/2"]
[WhiteElo "2286"]
[BlackElo "2191"]
[EventDate "2003.02.23"]
[PlyCount "32"]

1.d4 e6 2.c4 b6 3.Nc3 Bb7 4.Nf3 f5 5.Bf4 Bb4 6.e3 Nf6 7.Bd3 Bxc3+ 8.bxc3 
O-O 9.O-O h6 10.Nd2 d6 11.Bg3 Nbd7 12.f3 Qe7 13.Qc2 Nh5 14.Bf2 g6 15.Rae1 
e5 16.Qb3 Kh8 1/2-1/2

[Event "EU-chT Seniors 05th"]
[Site "Dresden"]
[Date "2003.03.01"]
[Round "7.2"]
[White "Langenfeld, Heinz"]
[Black "Jaeger, Erich"]
[Result "1/2-1/2"]
[WhiteElo "1942"]
[BlackElo "2219"]
[EventDate "2003.02.23"]
[PlyCount "30"]

1.d4 Nf6 2.c4 g6 3.Nc3 Bg7 4.g3 O-O 5.Bg2 d6 6.Nf3 Nc6 7.O-O e5 8.dxe5 
dxe5 9.Bg5 Qxd1 10.Rfxd1 h6 11.Bxf6 Bxf6 12.Nd5 Bd8 13.b4 f6 14.h3 Ne7 15.
Ne1 c6 1/2-1/2

[Event "EU-chT Seniors 05th"]
[Site "Dresden"]
[Date "2003.03.01"]
[Round "7.2"]
[White "Nautsch, Werner"]
[Black "Vink, Wim"]
[Result "1-0"]
[WhiteElo "2279"]
[BlackElo "2082"]
[EventDate "2003.02.23"]
[PlyCount "134"]

1.f4 d5 2.Nf3 g6 3.g3 Bg7 4.Bg2 c5 5.O-O Nc6 6.d3 Nf6 7.Nc3 O-O 8.Bd2 d4 
9.Ne4 Nxe4 10.dxe4 e5 11.Rb1 Be6 12.a3 f6 13.Qe1 a5 14.e3 Qd7 15.Rf2 b5 
16.exd4 exd4 17.Nh4 Ra7 18.Qe2 Bc4 19.Qf3 Rc7 20.g4 d3 21.c3 Be6 22.h3 c4 
23.Qe3 Bf7 24.Nf3 Qd6 25.g5 f5 26.e5 Qd7 27.Re1 Re8 28.Rff1 Bf8 29.Qf2 b4 
30.axb4 axb4 31.Ra1 Rb8 32.Kh2 Rb5 33.Ra8 Rc8 34.Rfa1 Rxa8 35.Rxa8 Kg7 36.
Qh4 Kg8 37.Qe1 b3 38.Be3 Bd5 39.Qf2 Qb7 40.Ra1 Qd7 41.Nd2 Ra5 42.Rxa5 Nxa5
43.Bxd5+ Qxd5 44.Qg2 Qb5 45.Qa8 Nc6 46.Qe8 Nd4 47.Qxb5 Nxb5 48.Nxc4 Kf7 
49.Nd2 Nc7 50.Nxb3 Nd5 51.Bd2 h6 52.h4 hxg5 53.hxg5 Nb6 54.Bc1 Ke6 55.Kg2 
Nc4 56.Nd2 Ne3+ 57.Kf3 Nd1 58.Nc4 Bc5 59.b4 Ba7 60.Bd2 Kd5 61.e6 Kxe6 62.
Ne5 Bb8 63.Nxd3 Kd5 64.Ke2 Kc4 65.Ne5+ Bxe5 66.fxe5 Nxc3+ 67.Bxc3 Kxc3 1-0

[Event "EU-chT Seniors 05th"]
[Site "Dresden"]
[Date "2003.03.01"]
[Round "7.2"]
[White "Norman, Dinah M"]
[Black "Mueckan, Friedbert"]
[Result "1/2-1/2"]
[WhiteElo "2021"]
[BlackElo "1938"]
[EventDate "2003.02.23"]
[PlyCount "38"]

1.d4 e6 2.e4 d5 3.Nd2 Nf6 4.e5 Nfd7 5.Bd3 c5 6.c3 Nc6 7.Ne2 Qb6 8.Nf3 cxd4
9.cxd4 Bb4+ 10.Bd2 Nf8 11.O-O Bd7 12.Rc1 Ng6 13.Bb1 Be7 14.Be3 O-O-O 15.
Qd2 Kb8 16.a3 Rc8 17.b4 a6 18.Bd3 Na7 19.Ra1 Ba4 1/2-1/2

[Event "EU-chT Seniors 05th"]
[Site "Dresden"]
[Date "2003.03.01"]
[Round "7.2"]
[White "Opl, Klaus"]
[Black "Malich, Burkhard"]
[Result "0-1"]
[WhiteElo "2283"]
[BlackElo "2386"]
[EventDate "2003.02.23"]
[PlyCount "72"]

1.e4 e5 2.Nc3 d6 3.d4 exd4 4.Qxd4 Nc6 5.Bb5 Bd7 6.Bxc6 Bxc6 7.Nf3 Nf6 8.
Bg5 Be7 9.O-O-O O-O 10.Rhe1 Re8 11.h4 Nd7 12.Nd5 Bxd5 13.exd5 Bf6 14.Bxf6 
Nxf6 15.g4 Rxe1 16.Rxe1 Qd7 17.g5 Nh5 18.Qe4 Rf8 19.Nd4 g6 20.Qe7 Qa4 21.
Re4 Qxa2 22.Nb3 Qa6 23.c4 Qb6 24.Nd4 a6 25.f4 Ng3 26.f5 Nxe4 27.Qxe4 Qc5 
28.b3 Qa3+ 29.Kc2 Qa2+ 30.Kc3 Qa1+ 31.Kc2 Qg1 32.Kb2 Qh2+ 33.Ka3 Qe5 34.
Qd3 c5 35.dxc6 bxc6 36.f6 c5 0-1

[Event "EU-chT Seniors 05th"]
[Site "Dresden"]
[Date "2003.03.01"]
[Round "7.2"]
[White "Potthammel, Joerg"]
[Black "Starke, Burkhard"]
[Result "1-0"]
[WhiteElo "2107"]
[BlackElo "2080"]
[EventDate "2003.02.23"]
[PlyCount "51"]

1.e4 c6 2.d4 d5 3.e5 Na6 4.Nf3 Bf5 5.Be2 e6 6.O-O Nc7 7.Be3 Be7 8.Nbd2 h5 
9.c3 g5 10.b4 Nh6 11.Nb3 g4 12.Ne1 Bg6 13.Nd3 Nf5 14.Nf4 Nxe3 15.fxe3 Be4 
16.Nc5 Bxc5 17.bxc5 b5 18.Bd3 Bxd3 19.Qxd3 Qg5 20.a4 a6 21.axb5 cxb5 22.e4
Rd8 23.exd5 exd5 24.Rxa6 Nxa6 25.Qxb5+ Rd7 26.c6 1-0

[Event "EU-chT Seniors 05th"]
[Site "Dresden"]
[Date "2003.03.01"]
[Round "7.2"]
[White "Richardson, Keith B"]
[Black "Hoen, Ragnar Harald"]
[Result "0-1"]
[WhiteElo "2141"]
[BlackElo "2269"]
[EventDate "2003.02.23"]
[PlyCount "80"]

1.e4 e5 2.Nf3 Nf6 3.Nxe5 d6 4.Nf3 Nxe4 5.d4 Be7 6.Bd3 Nf6 7.O-O O-O 8.h3 
c6 9.Nc3 Nbd7 10.Ne2 Re8 11.Ng3 Nf8 12.Bd2 Ng6 13.c4 b6 14.Re1 Bd7 15.Qc2 
Rc8 16.Nf5 Bxf5 17.Bxf5 Rc7 18.Re2 Bf8 19.Rae1 Rxe2 20.Rxe2 Re7 21.Rxe7 
Nxe7 22.Bd3 g6 23.a4 Bg7 24.a5 bxa5 25.Qa4 Nd7 26.Bxa5 Nb6 27.Qb3 c5 28.d5
h6 29.Bc3 Nd7 30.Bxg7 Kxg7 31.Qb7 a5 32.Nd2 Ne5 33.Bc2 Nf5 34.Bxf5 Qg5 35.
Ne4 Nf3+ 36.Kf1 Qc1+ 37.Ke2 Nd4+ 38.Kd3 Qc2+ 39.Ke3 Qe2+ 40.Kf4 gxf5 0-1

[Event "EU-chT Seniors 05th"]
[Site "Dresden"]
[Date "2003.03.01"]
[Round "7.2"]
[White "Rudnik, Heinz"]
[Black "Farrand, Julian"]
[Result "1/2-1/2"]
[WhiteElo "2011"]
[BlackElo "2002"]
[EventDate "2003.02.23"]
[PlyCount "34"]

1.d4 d6 2.e4 Nf6 3.Nc3 Nbd7 4.Nf3 e5 5.h3 Be7 6.Be3 c6 7.dxe5 dxe5 8.Bc4 
O-O 9.O-O b5 10.Bd3 a6 11.Bg5 Qc7 12.Nh4 Re8 13.Nf5 Bf8 14.Qf3 Re6 15.a3 
h6 16.Bh4 g6 17.Ne3 Bg7 1/2-1/2

[Event "EU-chT Seniors 05th"]
[Site "Dresden"]
[Date "2003.03.01"]
[Round "7.2"]
[White "Schwertel, Hans"]
[Black "Tuerk, Heinz"]
[Result "1/2-1/2"]
[WhiteElo "2050"]
[BlackElo "2120"]
[EventDate "2003.02.23"]
[PlyCount "29"]

1.d4 Nf6 2.Nf3 g6 3.c3 Bg7 4.Bf4 d6 5.e3 b6 6.Be2 Bb7 7.O-O O-O 8.Nbd2 h6 
9.Qc2 Nh5 10.Bg3 Nxg3 11.hxg3 Nd7 12.e4 e5 13.dxe5 Nxe5 14.Nxe5 dxe5 15.
Nf3 1/2-1/2

[Event "EU-chT Seniors 05th"]
[Site "Dresden"]
[Date "2003.03.01"]
[Round "7.2"]
[White "Walke, Guenter"]
[Black "Mueller, Siegmar"]
[Result "1-0"]
[WhiteElo "1748"]
[BlackElo "1821"]
[EventDate "2003.02.23"]
[PlyCount "68"]

1.d4 b6 2.e3 e6 3.f4 Bb7 4.Nf3 Nf6 5.Bd3 d5 6.O-O Bd6 7.c3 O-O 8.Qe2 Nbd7 
9.Ne5 c5 10.Nd2 g6 11.Ndf3 Nh5 12.Ng5 Qe7 13.Nxh7 Nxf4 14.Rxf4 Bxe5 15.
dxe5 Kxh7 16.Bd2 Kg7 17.c4 Nxe5 18.Bc3 f6 19.Raf1 Nxd3 20.Qxd3 Qc7 21.Qc2 
e5 22.Rg4 e4 23.Rgf4 Qd7 24.Qf2 Kg8 25.Rxf6 Rxf6 26.Qxf6 Kh7 27.Qf7+ Qxf7 
28.Rxf7+ Kh6 29.Rxb7 Kg5 30.Rf7 b5 31.a3 a5 32.Rc7 b4 33.Rxc5 Kh6 34.axb4 
axb4 1-0

[Event "EU-chT Seniors 05th"]
[Site "Dresden"]
[Date "2003.03.01"]
[Round "7.3"]
[White "Beckel, Friedrich"]
[Black "Schroeder, Christian"]
[Result "0-1"]
[WhiteElo "2127"]
[BlackElo "2152"]
[EventDate "2003.02.23"]
[PlyCount "64"]

1.e4 c5 2.Nf3 d6 3.d4 cxd4 4.Nxd4 Nf6 5.Nc3 a6 6.Bd3 e5 7.Nde2 b5 8.Bg5 
Be7 9.O-O b4 10.Bxf6 Bxf6 11.Nd5 Nc6 12.a3 bxa3 13.Rxa3 O-O 14.Qa1 a5 15.
Rd1 Bg4 16.Nec3 Bxd1 17.Qxd1 Bg5 18.Bc4 Kh8 19.Ne2 g6 20.Rh3 Ra7 21.b3 f5 
22.f4 Bf6 23.exf5 gxf5 24.Ng3 exf4 25.Nxf5 Ne5 26.Nxf6 Rxf6 27.Qd4 Rb7 28.
Qe4 Rc7 29.Rh4 f3 30.g4 Rxf5 31.gxf5 Rg7+ 32.Kf1 Qg5 0-1

[Event "EU-chT Seniors 05th"]
[Site "Dresden"]
[Date "2003.03.01"]
[Round "7.3"]
[White "Boeckenhaupt, Rudi"]
[Black "Ehlert, Joachim"]
[Result "1/2-1/2"]
[WhiteElo "2145"]
[BlackElo "1888"]
[EventDate "2003.02.23"]
[PlyCount "56"]

1.e4 c5 2.c4 g6 3.Nc3 Bg7 4.g3 Nc6 5.Bg2 d6 6.d3 Nf6 7.Nge2 O-O 8.O-O a6 
9.h3 Rb8 10.Be3 b6 11.Rb1 Bd7 12.Kh2 Ne5 13.f3 Qc8 14.Qd2 Nc6 15.Bh6 b5 
16.Bxg7 Kxg7 17.b3 h6 18.Nd5 Nh7 19.Ne3 Ng5 20.g4 Ne6 21.f4 Ned4 22.f5 g5 
23.Ng3 f6 24.Nd5 Be8 25.Rf2 Bf7 26.Qe3 Rh8 27.Nh5+ Kf8 28.Qg3 Ne5 1/2-1/2

[Event "EU-chT Seniors 05th"]
[Site "Dresden"]
[Date "2003.03.01"]
[Round "7.3"]
[White "Eis, Helko"]
[Black "Dorawa, Bernhard"]
[Result "1/2-1/2"]
[WhiteElo "2092"]
[BlackElo "2152"]
[EventDate "2003.02.23"]
[PlyCount "47"]

1.Nf3 Nf6 2.d4 e6 3.c4 b6 4.e3 Bb7 5.Nc3 Bb4 6.Bd2 O-O 7.Be2 d6 8.O-O Nbd7
9.Ne1 Bxc3 10.Bxc3 Ne4 11.f3 Nxc3 12.bxc3 f5 13.Bd3 Qe7 14.Qe2 e5 15.Rd1 
e4 16.Bc2 Ba6 17.Ba4 Bb7 18.Rb1 Nf6 19.f4 c6 20.Nc2 Rac8 21.Rb2 h6 22.Bb3 
c5 23.a4 Kh7 24.a5 1/2-1/2

[Event "EU-chT Seniors 05th"]
[Site "Dresden"]
[Date "2003.03.01"]
[Round "7.3"]
[White "Haakert, Juergen"]
[Black "Stuerzenbaum, Arthur"]
[Result "1-0"]
[WhiteElo "2414"]
[BlackElo "2194"]
[EventDate "2003.02.23"]
[PlyCount "71"]

1.Nf3 Nf6 2.g3 g6 3.Bg2 Bg7 4.O-O O-O 5.d3 d6 6.c4 e5 7.Nc3 Nc6 8.Rb1 a5 
9.Bg5 h6 10.Bxf6 Bxf6 11.a3 Bg7 12.b4 axb4 13.axb4 Re8 14.b5 Ne7 15.Qb3 
Be6 16.Nd2 c6 17.Ra1 Qd7 18.Rfb1 d5 19.Rxa8 Rxa8 20.Na4 dxc4 21.bxc6 Nxc6 
22.Qd1 Qd6 23.Nb6 Ra7 24.dxc4 Ra2 25.Nd5 Qb8 26.Ne4 Qa7 27.Nec3 Ra5 28.h3 
Bc8 29.Ne4 Bf8 30.e3 Ra2 31.Ndf6+ Kh8 32.Nc3 Ra5 33.Bxc6 Be7 34.Bd7 Bxf6 
35.Bxc8 Qc5 36.Qd5 1-0

[Event "EU-chT Seniors 05th"]
[Site "Dresden"]
[Date "2003.03.01"]
[Round "7.3"]
[White "Kahn, Peter"]
[Black "Wiggens, Andrew"]
[Result "1-0"]
[WhiteElo "2143"]
[BlackElo "1820"]
[EventDate "2003.02.23"]
[PlyCount "73"]

1.d4 g6 2.c4 d6 3.Nc3 Bg7 4.e4 Nc6 5.Be3 e5 6.d5 Nce7 7.g4 c5 8.Bh3 Nf6 9.
f3 O-O 10.Nge2 Qb6 11.Qd2 Qb4 12.b3 Bd7 13.Nc1 a6 14.Bf1 Rfc8 15.h4 Kf8 
16.h5 Neg8 17.Bh3 Rc7 18.Nd3 Qa5 19.Ne2 Qxd2+ 20.Kxd2 b5 21.Ng3 bxc4 22.
bxc4 Rb7 23.g5 Bxh3 24.gxf6 Bg2 25.fxg7+ Kxg7 26.Rhg1 Bxf3 27.Nf5+ Kf8 28.
hxg6 hxg6 29.Nxd6 Rc7 30.Raf1 Bh5 31.Nxe5 Raa7 32.Nc6 Ra8 33.Bxc5 Kg7 34.
Bd4+ Kf8 35.e5 Nh6 36.e6 Re8 37.Bg7+ 1-0

[Event "EU-chT Seniors 05th"]
[Site "Dresden"]
[Date "2003.03.01"]
[Round "7.3"]
[White "Kristiansen, Erling"]
[Black "Wade, Robert Graham"]
[Result "1-0"]
[WhiteElo "2263"]
[BlackElo "2213"]
[EventDate "2003.02.23"]
[PlyCount "119"]

1.d4 d6 2.e4 Nf6 3.f3 Nc6 4.Be3 d5 5.e5 Nd7 6.f4 f5 7.Nf3 Nb6 8.Nbd2 e6 9.
c3 Be7 10.Bd3 O-O 11.O-O Na5 12.Qe2 Bd7 13.b4 Nc6 14.a4 a5 15.b5 Nb8 16.
Nb3 c6 17.Nc5 cxb5 18.Nxd7 N8xd7 19.Bxb5 Qc7 20.Nd2 Rfc8 21.Rfc1 Nc4 22.
Nxc4 dxc4 23.Bxd7 Qxd7 24.Rcb1 Qc6 25.Rb5 Qe4 26.Qf3 Qc2 27.Rxb7 Qxc3 28.
Rc1 Qa3 29.Bd2 Qa2 30.Bc3 Bf8 31.Ra1 Qc2 32.Rb2 Qe4 33.Qxe4 fxe4 34.Kf2 
Rab8 35.Rab1 Rxb2+ 36.Rxb2 Ba3 37.Rc2 Bb4 38.Ke3 g5 39.fxg5 Kf7 40.Kxe4 
Kg6 41.d5 exd5+ 42.Kxd5 Be7 43.Bxa5 Ra8 44.Bd2 Rxa4 45.Rxc4 Ra2 46.Rd4 
Bxg5 47.Bxg5 Kxg5 48.h4+ Kh5 49.e6 Kg6 50.g4 h6 51.Re4 Ra5+ 52.Kd6 Ra6+ 
53.Kc5 Ra8 54.Kd6 Ra6+ 55.Ke5 Ra5+ 56.Kf4 Ra8 57.e7 Re8 58.Re6+ Kf7 59.Kf5
h5 60.g5 1-0

[Event "EU-chT Seniors 05th"]
[Site "Dresden"]
[Date "2003.03.01"]
[Round "7.3"]
[White "Meier, Wolfgang"]
[Black "Vucenovic, Dragomir"]
[Result "0-1"]
[WhiteElo "2102"]
[BlackElo "2300"]
[EventDate "2003.02.23"]
[PlyCount "120"]

1.Nf3 Nf6 2.c4 c5 3.g3 b6 4.Bg2 Bb7 5.Nc3 e6 6.O-O Be7 7.d4 cxd4 8.Nxd4 
Bxg2 9.Kxg2 O-O 10.b3 Qc8 11.Bb2 d6 12.Rc1 Rd8 13.Qc2 Nbd7 14.Nf3 Qb7 15.
Kg1 Rac8 16.Qb1 a6 17.Rfd1 Nc5 18.Ne1 b5 19.cxb5 axb5 20.Nd3 d5 21.Nxc5 
Rxc5 22.Qd3 d4 23.Nb1 Rxc1 24.Rxc1 e5 25.Qc2 h6 26.Qc7 Qxc7 27.Rxc7 Bf8 
28.a3 Nd5 29.Rc1 b4 30.axb4 Bxb4 31.Ba3 Bxa3 32.Nxa3 Nc3 33.Kf1 Rb8 34.Nc4
f6 35.Nd2 Ra8 36.e3 dxe3 37.fxe3 Ra2 38.Rxc3 Rxd2 39.h4 h5 40.Rc8+ Kh7 41.
Rb8 Kg6 42.Rb7 Rb2 43.e4 Rd2 44.Rb4 Kh6 45.Kg1 g5 46.Kh1 g4 47.Kg1 Kg6 48.
Kf1 Rd3 49.Kf2 Rf3+ 50.Kg2 Kf7 51.Rb7+ Ke6 52.Rh7 Rxb3 53.Rxh5 Re3 54.Rh7 
Rxe4 55.h5 Re2+ 56.Kg1 Ra2 57.Rg7 Kf5 58.h6 Ra8 59.h7 Rh8 60.Kf2 Ke6 0-1

[Event "EU-chT Seniors 05th"]
[Site "Dresden"]
[Date "2003.03.01"]
[Round "7.3"]
[White "Petzold, Hans"]
[Black "Landgraf, Siegfried"]
[Result "1/2-1/2"]
[WhiteElo "1911"]
[BlackElo "2106"]
[EventDate "2003.02.23"]
[PlyCount "21"]

1.e4 g6 2.Nc3 Bg7 3.f4 c5 4.Nf3 Nc6 5.g3 d6 6.Bg2 e6 7.d3 Nge7 8.O-O O-O 
9.Kh1 Rb8 10.Ne2 Bd7 11.c3 1/2-1/2

[Event "EU-chT Seniors 05th"]
[Site "Dresden"]
[Date "2003.03.01"]
[Round "7.3"]
[White "Rahls, Peter"]
[Black "Shabanov, Yuri"]
[Result "1-0"]
[WhiteElo "2295"]
[BlackElo "2442"]
[EventDate "2003.02.23"]
[PlyCount "89"]

{SCHACH-Magazin64 05/2003} 
1.e4 d6 2.d4 Nf6 3.Nc3 e5 4.Nf3 Nbd7 5.Bc4 Be7 6.O-O O-O 7.Re1 c6 8.a4 Qc7
9.h3 h6 10.Ba2 Re8 11.Be3 Nf8 12.Qd2 Be6 13.Bxe6 Nxe6 14.Qd3 exd4 15.Nxd4 
Nc5 16.Qc4 Nfxe4 17.Nxe4 d5 $2 
    ( {Nach} 17...Nxe4 18.Nb5 Qd7 19.Qxe4 cxb5 20.axb5 Qxb5 21.Rxa7 Rxa7 
    22.Bxa7 Qxb2 23.Bd4 {hat Weiss vielleicht Kompensation für den Bauern,
    mehr aber bestimmt nicht.} )
18.Nf6+ $1 gxf6 
    ( 18...Bxf6 19.Qxc5 {und Weiss behält eine Figur mehr.} )
19.Qe2 Bf8 20.Qg4+ Kh7 21.Nf5 {Weiss hat eine starke Initiative und führt 
die Partie unbeirrt zum siegreichen Ende.} 21...Ne4 22.Qh5 Ng5 23.Bc5 $1 
Bg7 24.Qg4 Qd7 25.f4 Ne6 26.Nxg7 Rg8 27.Nh5 $1 Rxg4 28.Nxf6+ Kg6 29.Nxd7 
Rxf4 30.Bd6 Re4 31.Rxe4 dxe4 32.Nc5 Rd8 33.Nxe6 Rxd6 34.Nc5 Rd2 35.Nxe4 
Rxc2 36.Rb1 a5 37.Nc3 f5 38.Kf1 Kg5 39.Ne2 b5 40.axb5 cxb5 41.Nd4 Rc4 42.
Nxb5 Kf4 43.Nc3 Ke3 44.Ra1 Rc5 45.Rd1 1-0

[Event "EU-chT Seniors 05th"]
[Site "Dresden"]
[Date "2003.03.01"]
[Round "7.3"]
[White "Reuben, Stewart"]
[Black "Harzer, Paul"]
[Result "1/2-1/2"]
[WhiteElo "2161"]
[BlackElo "2027"]
[EventDate "2003.02.23"]
[PlyCount "43"]

1.b3 d5 2.Bb2 Bf5 3.e3 Nf6 4.Nf3 Nbd7 5.Be2 e6 6.Nh4 Bg6 7.d3 c6 8.O-O Bd6
9.f4 Qb6 10.Qd2 O-O-O 11.c4 Rhg8 12.Nxg6 hxg6 13.Ba3 Bxa3 14.Nxa3 Rh8 15.
b4 Rh6 16.Rac1 Rdh8 17.h3 Nh5 18.Bxh5 Rxh5 19.c5 Qd8 20.Nc2 e5 21.a4 Qh4 
22.Qf2 1/2-1/2

[Event "EU-chT Seniors 05th"]
[Site "Dresden"]
[Date "2003.03.01"]
[Round "7.3"]
[White "Rost van Tonningen, Otto"]
[Black "Bachmann, Karlheinz"]
[Result "1/2-1/2"]
[WhiteElo "2212"]
[BlackElo "2281"]
[EventDate "2003.02.23"]
[PlyCount "46"]

1.Nf3 Nf6 2.d4 g6 3.e3 Bg7 4.Be2 O-O 5.O-O d6 6.c4 Nbd7 7.Nc3 e5 8.b4 exd4
9.exd4 Re8 10.Qc2 Nb6 11.Bb2 Bf5 12.Bd3 Bxd3 13.Qxd3 d5 14.c5 Nc4 15.Rab1 
Ne4 16.Bc1 f5 17.Bf4 c6 18.Nd2 Ncxd2 19.Bxd2 Qf6 20.Ne2 Re7 21.Bf4 Rae8 
22.Be5 Qf7 23.f4 g5 1/2-1/2

[Event "EU-chT Seniors 05th"]
[Site "Dresden"]
[Date "2003.03.01"]
[Round "7.3"]
[White "Strand, Karl W"]
[Black "Krawiec, Witold"]
[Result "1/2-1/2"]
[WhiteElo "1819"]
[BlackElo "1903"]
[EventDate "2003.02.23"]
[PlyCount "25"]

1.e4 c5 2.Nf3 a6 3.c3 d6 4.d4 cxd4 5.cxd4 Qc7 6.Nc3 e6 7.Bd3 b5 8.O-O Bb7 
9.Re1 Nd7 10.Bf4 Rc8 11.Rc1 Qb8 12.Qe2 Be7 13.b3 1/2-1/2

[Event "EU-chT Seniors 05th"]
[Site "Dresden"]
[Date "2003.03.01"]
[Round "7.3"]
[White "Titz, Heimo"]
[Black "Vager, Boris"]
[Result "1-0"]
[WhiteElo "2326"]
[BlackElo "2262"]
[EventDate "2003.02.23"]
[PlyCount "120"]

1.c4 e5 2.g3 Nc6 3.Bg2 d6 4.Nc3 f5 5.d3 Nf6 6.Nf3 Be7 7.O-O O-O 8.Bg5 Qe8 
9.Bxf6 Bxf6 10.Nd5 Bd8 11.b4 a6 12.a4 Be6 13.b5 Bxd5 14.cxd5 Nb8 15.Rb1 
axb5 16.axb5 Ra5 17.Qb3 Nd7 18.Rfc1 b6 19.Qc4 h6 20.Ra1 Rxa1 21.Rxa1 Kh7 
22.e3 Qf7 23.Ra8 g5 24.h3 Kg7 25.Nd2 Nf6 26.Ra2 Re8 27.e4 f4 28.g4 Nd7 29.
Qc6 Nc5 30.Bf1 Qd7 31.Nc4 Kg6 32.Ra7 Qxc6 33.bxc6 Nb3 34.Be2 Nd4 35.Bd1 
Kf6 36.Kf1 Rf8 37.Ke1 Re8 38.Kd2 Rf8 39.Rb7 Re8 40.Kc3 Rf8 41.Kb4 Re8 42.
Ba4 Rf8 43.Ra7 Rf7 44.Bd1 Rf8 45.Na3 Rf7 46.Nb5 Nxb5 47.Kxb5 Ke7 48.Ka6 
Ke8 49.Bf3 Rg7 50.Kb7 Rf7 51.Kb8 Rg7 52.Bd1 Rh7 53.Bb3 Rg7 54.Bc4 Rh7 55.
Ba6 h5 56.Bc8 hxg4 57.Bxg4 Ke7 58.Bd7 Rh6 59.Kc8 Rh7 60.Bf5 Rh6 1-0

[Event "EU-chT Seniors 05th"]
[Site "Dresden"]
[Date "2003.03.01"]
[Round "7.4"]
[White "Bebchuk, Evgeni"]
[Black "Brameyer, Hermann"]
[Result "1-0"]
[WhiteElo "2305"]
[BlackElo "2282"]
[EventDate "2003.02.23"]
[PlyCount "146"]

1.e4 c5 2.Nf3 e6 3.d3 Nc6 4.g3 g6 5.Bg2 Bg7 6.O-O Nge7 7.Re1 d6 8.a4 O-O 
9.c3 b6 10.Na3 Bb7 11.Nc4 d5 12.exd5 Nxd5 13.Bg5 Qc7 14.Qd2 Rfe8 15.Bh6 
Bh8 16.Ng5 Rad8 17.Rad1 Nce7 18.Ne4 Nf5 19.Bg5 f6 20.g4 fxg5 21.gxf5 Nf4 
22.fxg6 hxg6 23.Bf1 Qe7 24.Qe3 Rf8 25.Qg3 Bf6 26.Ne3 Bxe4 27.dxe4 Rxd1 28.
Rxd1 Rd8 29.Qf3 Be5 30.Ng4 Bc7 31.Bb5 Kg7 32.Kf1 Rd6 33.e5 Rxd1+ 34.Qxd1 
Qd8 35.Qxd8 Bxd8 36.Ke1 Kf7 37.Kd2 Bc7 38.Ke3 Nd5+ 39.Ke4 Bd8 40.Kd3 Nc7 
41.Kc4 Be7 42.Bc6 Bf8 43.f3 Be7 44.Ne3 Bf8 45.Kd3 Be7 46.Ke4 Bd8 47.Nc4 
Ne8 48.Bxe8+ Kxe8 49.b4 cxb4 50.cxb4 Be7 51.b5 Kd7 52.Nb2 Ke8 53.Nd3 Kf7 
54.Nc1 Bc5 55.Nb3 Bg1 56.Nd4 Bxh2 57.Nc6 Bg1 58.Nxa7 Ke8 59.Nc6 Bc5 60.Nd4
Kd7 61.Nc2 Be7 62.Ne3 Bb4 63.Nc4 Kc7 64.Kd3 Bf8 65.Ke2 Bc5 66.Kf1 Bb4 67.
Kg2 Be1 68.Kh3 Bb4 69.Kg4 Be7 70.Nd6 Kd7 71.Nf7 Ke8 72.Nxg5 Kd7 73.f4 Ba3 
1-0

[Event "EU-chT Seniors 05th"]
[Site "Dresden"]
[Date "2003.03.01"]
[Round "7.4"]
[White "Betz, Egon"]
[Black "Neudel, Bernd"]
[Result "1/2-1/2"]
[WhiteElo "2031"]
[BlackElo "1776"]
[EventDate "2003.02.23"]
[PlyCount "27"]

1.e4 c5 2.Nf3 Nc6 3.d4 cxd4 4.Nxd4 Nf6 5.Nc3 d6 6.Be2 a6 7.O-O g6 8.Bg5 
Nxd4 9.Qxd4 Bg7 10.Qd2 O-O 11.Bh6 Bd7 12.Bxg7 Kxg7 13.Qd4 Kg8 14.f4 
1/2-1/2

[Event "EU-chT Seniors 05th"]
[Site "Dresden"]
[Date "2003.03.01"]
[Round "7.4"]
[White "Flockhart, Hugh"]
[Black "Appelt, Gerd"]
[Result "0-1"]
[WhiteElo "1724"]
[BlackElo "1915"]
[EventDate "2003.02.23"]
[PlyCount "92"]

1.e4 e5 2.Nf3 Nc6 3.Bc4 Nf6 4.Ng5 Bc5 5.Bxf7+ Ke7 6.Bb3 Rf8 7.O-O d6 8.c3 
Bg4 9.Qc2 Qe8 10.d4 exd4 11.h3 d3 12.Qxd3 Ne5 13.Qg3 h6 14.hxg4 hxg5 15.
Bxg5 Qg6 16.Qf4 Kd7 17.Qf5+ Qxf5 18.exf5 Nfxg4 19.Be6+ Kc6 20.Nd2 Nd3 21.
Nb3 Bxf2+ 22.Rxf2 Ndxf2 23.Rf1 Nd3 24.Rd1 Nc5 25.Nd4+ Kb6 26.Bc4 Ne4 27.
Bf4 g5 28.Bc1 Ngf2 29.Rf1 c5 30.Nf3 g4 31.Ng5 g3 32.Nxe4 Nxe4 33.Rf3 Kc6 
34.Bf4 Rxf5 35.Bd3 Re8 36.Bxe4+ Rxe4 37.Bxg3 Rxf3 38.gxf3 Re2 39.f4 Rxb2 
40.f5 Kd7 41.a4 Rc2 42.f6 Ke6 43.f7 Kxf7 44.Bxd6 Rxc3 45.Bb8 a6 46.Ba7 Ke6
0-1